Van Gogh

Gespeichert in:
Bibliographische Detailangaben
1. Verfasser: Huyghe, René (Verfasst von)
Format: Buch
Sprache:Slowakisch
Veröffentlicht: Bratislava : Fortuna Print, 1992
Ausgabe:1. vyd.
Schlagworte:
Tags: Tag hinzufügen
Keine Tags, Fügen Sie das erste Tag hinzu!

MARC

LEADER 00000nam a22000003a 4500
001 stu11216
005 20150617225804.4
008 950308s1992----cs------------------slo-d
020 |a 8071530298 
040 |a STU  |b slo 
041 0 |a slo 
044 |a cs 
100 1 |a Huyghe, René  |4 aut 
245 1 |a Van Gogh 
250 |a 1. vyd. 
260 |a Bratislava :  |b Fortuna Print,  |c 1992 
300 |a 96 s 
650 7 |a umenie výtvarné  |2 stusub 
650 7 |a výtvarníci zahraniční  |2 stusub 
996 |b 284AU00774  |c A*1874 U  |l AAKNAR  |s A  |a 24  |w stu11216_0001